Normal view
MARC view
Entry Personal Name
001 - CONTROL NUMBER
- control field: 80839
003 - CONTROL NUMBER IDENTIFIER
- control field: OSt
005 - DATE AND TIME OF LATEST TRANSACTION
- control field: 20230331115946.0
008 - FIXED-LENGTH DATA ELEMENTS
- fixed length control field: 230331|| aca||aabn | a|a d
040 ## - CATALOGING SOURCE
- Original cataloging agency: OSt
- Transcribing agency: OSt
100 ## - HEADING--PERSONAL NAME
- Personal name: DAS (Sisir Kumar)
670 ## - SOURCE DATA FOUND
- Source citation: Work cat.: (OSt)168905: DAS (Sisir Kumar), History of Indian literature 500-1399: from courtly to the popular, 2005